<?xml version="1.0" encoding="UTF-8"?>
<record
    xmlns:xsi="http://www.w3.org/2001/XMLSchema-instance"
    xsi:schemaLocation="http://www.loc.gov/MARC21/slim http://www.loc.gov/standards/marcxml/schema/MARC21slim.xsd"
    xmlns="http://www.loc.gov/MARC21/slim">

  <leader>01423nam a2200241 a 4500</leader>
  <controlfield tag="003">DO-SdBNP</controlfield>
  <controlfield tag="005">20220321125102.0</controlfield>
  <controlfield tag="007">ta</controlfield>
  <controlfield tag="008">210709e2018    dr ||||er|||| 001 p spa d</controlfield>
  <datafield tag="020" ind1=" " ind2=" ">
    <subfield code="a">9789945609561</subfield>
  </datafield>
  <datafield tag="040" ind1=" " ind2=" ">
    <subfield code="a">DO-SdBNP</subfield>
    <subfield code="b">spa</subfield>
    <subfield code="c">BNPHU</subfield>
  </datafield>
  <datafield tag="082" ind1=" " ind2="4">
    <subfield code="b">B957B</subfield>
    <subfield code="2">22</subfield>
  </datafield>
  <datafield tag="100" ind1="1" ind2=" ">
    <subfield code="a">Beltr&#xE1;n &#xC1;lvarez, Miguel &#xC1;ngel </subfield>
    <subfield code="d">1944 -</subfield>
    <subfield code="9">79176</subfield>
  </datafield>
  <datafield tag="245" ind1="1" ind2=" ">
    <subfield code="a">Julia.40 /</subfield>
    <subfield code="c">Miguel &#xC1;ngel Beltr&#xE1;n &#xC1;lvarez.</subfield>
  </datafield>
  <datafield tag="260" ind1=" " ind2=" ">
    <subfield code="a">Santo Domingo :</subfield>
    <subfield code="b">Santuario,</subfield>
    <subfield code="c">2018</subfield>
  </datafield>
  <datafield tag="300" ind1=" " ind2=" ">
    <subfield code="a">[47] p. ;</subfield>
    <subfield code="c">23 cm.</subfield>
  </datafield>
  <datafield tag="500" ind1=" " ind2=" ">
    <subfield code="a">Incluye biograf&#xED;a del autor en la solapa de la cubierta.</subfield>
  </datafield>
  <datafield tag="505" ind1="0" ind2="0">
    <subfield code="t">Pr&#xF3;logo.--</subfield>
    <subfield code="t">Caminando en ti.--</subfield>
    <subfield code="t">Caricias y esperas.--</subfield>
    <subfield code="t">Con Julia de Burgos.--</subfield>
    <subfield code="t">Desborde.--</subfield>
    <subfield code="t">Despedida.--</subfield>
    <subfield code="t">El r&#xED;o y t&#xFA;.--</subfield>
    <subfield code="t">Encargo en Madison.--</subfield>
    <subfield code="t">Infieles.--</subfield>
    <subfield code="t">Julia punto Cuarenta.--</subfield>
    <subfield code="t">Madison 104.--</subfield>
    <subfield code="t">Mi esp&#xED;ritu y tu nada.--</subfield>
    <subfield code="t">Mi&#xE9;rcoles once.--</subfield>
    <subfield code="t">Partida.--</subfield>
    <subfield code="t">Rosario o el encuentro.--</subfield>
    <subfield code="t">Rumor humano.--</subfield>
    <subfield code="t">Silencio abierto.--</subfield>
    <subfield code="t">Ultraje.--</subfield>
    <subfield code="t">Canto de sombras.--</subfield>
    <subfield code="t">Eco del recuerdo.--</subfield>
    <subfield code="t">Julia: &#xC1;ngel de libertad.--</subfield>
    <subfield code="t">Julia de Burgos (aniversario).--</subfield>
    <subfield code="t">Jula de Burgos: Aura</subfield>
    <subfield code="t">Julia: luz en la penumbra.--</subfield>
    <subfield code="t">Para Julia de Burgos.--</subfield>
    <subfield code="t">Polvareda de tu ruta.--</subfield>
    <subfield code="t">Por siempre la intocable palabra.--</subfield>
    <subfield code="t">Sombra prof&#xE9;tica de ensue&#xF1;o.--</subfield>
    <subfield code="t">Transmutaci&#xF3;n del recuerdo.--</subfield>
    <subfield code="t">Tu voz en mi alma.--</subfield>
    <subfield code="t">Voz que surge del silencio y del espacio.</subfield>
  </datafield>
  <datafield tag="590" ind1=" " ind2=" ">
    <subfield code="a">Inventariado 2021/MF</subfield>
  </datafield>
  <datafield tag="600" ind1=" " ind2="4">
    <subfield code="9">8825</subfield>
    <subfield code="a">Burgos, Julia de</subfield>
    <subfield code="d">1914-1953</subfield>
    <subfield code="x">poemas</subfield>
  </datafield>
  <datafield tag="910" ind1=" " ind2=" ">
    <subfield code="a">MFeliz</subfield>
  </datafield>
  <datafield tag="942" ind1=" " ind2=" ">
    <subfield code="2">ddc</subfield>
    <subfield code="c">LBS1</subfield>
  </datafield>
  <datafield tag="952" ind1=" " ind2=" ">
    <subfield code="0">0</subfield>
    <subfield code="1">0</subfield>
    <subfield code="2">ddc</subfield>
    <subfield code="5">1</subfield>
    <subfield code="7">0</subfield>
    <subfield code="8">PD</subfield>
    <subfield code="a">BNPHU</subfield>
    <subfield code="b">BNPHU</subfield>
    <subfield code="c">HD</subfield>
    <subfield code="d">2018-09-12</subfield>
    <subfield code="e">Dep&#xF3;sito legal / Editora B&#xFA;ho</subfield>
    <subfield code="l">0</subfield>
    <subfield code="o">B957B</subfield>
    <subfield code="p">2021-25056</subfield>
    <subfield code="r">2021-07-09</subfield>
    <subfield code="w">2021-07-09</subfield>
    <subfield code="y">LBS1</subfield>
  </datafield>
  <datafield tag="952" ind1=" " ind2=" ">
    <subfield code="0">0</subfield>
    <subfield code="1">0</subfield>
    <subfield code="2">ddc</subfield>
    <subfield code="5">1</subfield>
    <subfield code="7">2</subfield>
    <subfield code="8">PD</subfield>
    <subfield code="a">BNPHU</subfield>
    <subfield code="b">PD</subfield>
    <subfield code="c">HD</subfield>
    <subfield code="d">2018-09-12</subfield>
    <subfield code="e">Donado por Editora B&#xFA;ho</subfield>
    <subfield code="l">0</subfield>
    <subfield code="o">B957B</subfield>
    <subfield code="p">2021-25057</subfield>
    <subfield code="r">2021-07-09</subfield>
    <subfield code="t">e.2</subfield>
    <subfield code="w">2021-07-09</subfield>
    <subfield code="y">LFPD</subfield>
  </datafield>
  <datafield tag="952" ind1=" " ind2=" ">
    <subfield code="0">0</subfield>
    <subfield code="1">0</subfield>
    <subfield code="2">ddc</subfield>
    <subfield code="5">6</subfield>
    <subfield code="7">0</subfield>
    <subfield code="8">DS</subfield>
    <subfield code="a">BNPHU</subfield>
    <subfield code="b">BNPHU</subfield>
    <subfield code="c">HD</subfield>
    <subfield code="d">2018-09-12</subfield>
    <subfield code="e">Dep&#xF3;sito legal / Editora B&#xFA;ho</subfield>
    <subfield code="l">0</subfield>
    <subfield code="o">B957B</subfield>
    <subfield code="p">2021-25058</subfield>
    <subfield code="r">2021-07-09</subfield>
    <subfield code="t">e.3</subfield>
    <subfield code="w">2021-07-09</subfield>
    <subfield code="y">LBS1</subfield>
  </datafield>
  <datafield tag="999" ind1=" " ind2=" ">
    <subfield code="c">50085</subfield>
    <subfield code="d">50085</subfield>
  </datafield>
</record>
